石油の生産量が多い国 - Statistics

General Stats
  • This quiz has been taken 130 times
  • The average score is 37 of 50
Answer Stats
順位 国名 単位:千トン % Correct
1 アメリカ合衆国 857,901
100%
7 中国 212,891
100%
2 ロシア 526,383
99%
3 サウジアラビア 510,169
99%
5 イラン 234,451
96%
6 イラク 215,623
95%
8 ブラジル 182,077
94%
23 インド 32,886
94%
4 カナダ 289,946
93%
9 アラブ首長国連邦 179,747
93%
11 メキシコ 96,370
92%
27 インドネシア 29,919
92%
24 エジプト 31,140
90%
26 イギリス 30,399
89%
31 オーストラリア 14,912
88%
15 カタール 75,482
86%
17 アルゼンチン 58,638
86%
20 ベネズエラ 49,528
84%
30 マレーシア 24,064
84%
12 カザフスタン 87,559
83%
21 オマーン 47,935
83%
22 コロンビア 40,806
83%
35 トルクメニスタン 9,010
83%
16 アルジェリア 59,267
80%
14 ナイジェリア 78,894
79%
10 クウェート 130,758
78%
19 リビア 55,723
78%
33 タイ 12,391
78%
48 イエメン 1,781
76%
13 ノルウェー 85,880
73%
28 アゼルバイジャン 29,167
72%
46 ウズベキスタン 1,928
72%
36 ベトナム 8,504
71%
49 シリア 1,658
71%
38 ペルー 5,216
70%
29 エクアドル 25,544
66%
47 スーダン 1,858
66%
50 チュニジア 1,486
65%
44 デンマーク 2,956
61%
40 イタリア 4,455
51%
42 南スーダン 4,272
51%
37 チャド 6,741
50%
39 ブルネイ 4,849
47%
32 コンゴ共和国 13,697
44%
25 ガイアナ 30,755
42%
18 アンゴラ 57,385
39%
41 赤道ギニア 4,337
36%
34 ガボン 11,215
35%
45 ルーマニア 2,867
32%
43 トリニダード・トバゴ 3,384
11%
No matching quizzes found
Score Distribution
Percent of People with Each Score
Percentile by Number Answered
Your Score History
You have not taken this quiz